000 00436nam a2200169 a 4500
001 0000-8765
003 ELIB.Books
008 110520 1958
035 _a(ELIB.Books)0000-8911
082 _a230
_bJac
100 _aJacob, Edmond
245 _aTheology of the Old Testament
260 _bNew York: Harper and Brothers Publishers
_c1958
650 _aTheology
942 _2ddc
_cBK
998 _cbat
_e2011-05-20
999 _c8765
_d8765